00624 2200193 4500001002100000005001500021035002000036008004100056245005900097100002200156250000600178260002600184300001200210084001400222082000800236650001000244520016400254990001200418INLIS00000000000111720240516111017 a0010-0524000352240516 0 ind 1 aKumpulan Cerita Rakyat 33 Provinsi /cYustitia Angelia aAngelia, Yustitia a1 aSolo :bLingkar Media a128 hlm a800 YUS k a800 4aFiksi aIndonesia kaya akan sastra peninggalan nenek moyang terdahulu, sebagai cerita pengantar tidur dan pembelajaran hikmah akan kehidupan lewat cerita atau dongeng. a0744095